Ritus infidelium : (Registro nro. 153506)

Detalles MARC
000 -LEADER
fixed length control field nam a22 7a 4500
005 - DATE AND TIME OF LATEST TRANSACTION
control field 20200108140817.0
008 - FIXED-LENGTH DATA ELEMENTS--GENERAL INFORMATION
fixed length control field 200108b sp ||||| |||| 00| 0 fre d
020 ## - INTERNATIONAL STANDARD BOOK NUMBER
International Standard Book Number 9788496820944
050 04 - LIBRARY OF CONGRESS CALL NUMBER
Classification number BR127
Item number R58 2013
245 ## - TITLE STATEMENT
Title Ritus infidelium :
Remainder of title miradas interconfesionales sobre las prácticas religiosas en la Edad Media /
Statement of responsibility, etc estudios reunidos por José Martínez Gázquez y John Victor Tolan
246 3# - VARYING FORM OF TITLE
Title proper/short title Ritvs infidelivm
260 ## - PUBLICATION, DISTRIBUTION, ETC. (IMPRINT)
Place of publication, distribution, etc Madrid :
Name of publisher, distributor, etc Casa de Velazquez,
Date of publication, distribution, etc 2013
300 ## - PHYSICAL DESCRIPTION
Extent ix, 321 páginas :
Other physical details ilustraciones ;
Dimensions 24 cm
490 ## - SERIES STATEMENT
Series statement Colección de la Casa de Velázquez ;
Volume number/sequential designation v. 138
504 ## - BIBLIOGRAPHY, ETC. NOTE
Bibliography, etc Bibliografía p. 294-318
650 ## - SUBJECT ADDED ENTRY--TOPICAL TERM
Topical term or geographic name as entry element Cristianismo y otras religiones
650 #7 - SUBJECT ADDED ENTRY--TOPICAL TERM
Source of heading or term lemb
Topical term or geographic name as entry element Islam
General subdivision Relaciones
-- Cristianismo
650 #7 - SUBJECT ADDED ENTRY--TOPICAL TERM
Source of heading or term lemb
Topical term or geographic name as entry element Judaísmo
General subdivision Relaciones
-- Cristianismo
700 1# - ADDED ENTRY--PERSONAL NAME
Personal name Martinez Gazquez, Jose,
Relator term editor
700 1# - ADDED ENTRY--PERSONAL NAME
Personal name Tolan, John Victor,
Dates associated with a name [1959- ]
Relator term editor
942 ## - ADDED ENTRY ELEMENTS (KOHA)
Source of classification or shelving scheme Biblioteca del Cogreso de los Estados Unidos
Koha item type Libro
Existencias
Estado de pérdida Fuente de clasificación Estado del daño No para préstamo Ubicación permanente Ubicación actual Apartado o colección Fecha de adquisición Área del conocimiento Clasificación Código de Barras Date last seen Número de copia Costo por reposición Tipo de recurso
  Biblioteca del Cogreso de los Estados Unidos     Biblioteca del Instituto de Investigaciones Históricas Biblioteca del Instituto de Investigaciones Históricas General 08/01/2020 Educación y Humanidades BR127 A58 2013 IIH000029600 08/01/2020 C:1 1.00 Libro